000 00653nam a22002178a 4500
005 20171101155553.0
008 081015s2008 cau b 001 0 eng
010 _aENG-121122
020 _c80.00
_a9788170904151
020 _c80.00
_a9788170904151
035 _aEN-104654
037 _bDBAD / PUB
040 _adpl
_bEnglish
082 _a894.81109001
100 _aS.N.Kandaswamy
245 _aForeign Notices Of Tamil Classics An Appraisal
_cby Kandaswamy
260 _aChennai
_bTamil University Publication
_c2010
270 _aThanjavur
_e613010
300 _a196p,
_c21cm(pbk)
942 _2ddc
_cEN
_mKAN
_h894.81109001
999 _c147079
_d147079